000 00335nam a2200133Ia 4500
008 240624s9999 xx 000 0 und d
041 _aeng
082 _a823 VAD
100 _aVADUKUT SIDIN
245 _aDORK THE INCREDIBLE ADVENTURES OF ROBIN
260 _c2010
_aNew Delhi
_bPenguin Books India
300 _a240 : p.
365 _cRS
999 _c17125
_d17125